AEW WrestleDream 2023 Card - Statistics

General Stats
  • This quiz has been taken 28 times
  • The average score is 31 of 51
Answer Stats
Answer % Correct
Cash Wheeler
100%
Christian Cage
100%
Dax Harwood
100%
Billy Gunn
95%
Darby Allin
95%
Matt Jackson
95%
MJF
95%
Nick Jackson
95%
Bryan Danielson
89%
Kenny Omega
89%
Anthony Bowens
84%
Eddie Kingston
84%
Max Caster
84%
Chris Jericho
79%
Kris Statlander
79%
Zack Sabre Jr.
79%
Austin Gunn
74%
Claudio Castagnoli
74%
Colten Gunn
74%
Penta El Zero Miedo
74%
Rey Fenix
74%
Konosuke Takeshita
68%
Adam Page
63%
Julia Hart
63%
Orange Cassidy
63%
Swerve Strickland
63%
Vincent
63%
Wheeler Yuta
63%
Dutch
58%
Kota Ibushi
58%
Kyle Fletcher
58%
Ricky Starks
58%
Billie Starkz
53%
Hook
53%
Mark Davis
53%
Sammy Guevara
53%
Will Ospreay
47%
Athena
42%
Katsuyori Shibata
37%
Luchasaurus
37%
Nick Wayne
32%
Lee Moriarty
26%
Shane Taylor
26%
Diamante
21%
Josh Barnett
21%
Keith Lee
21%
Mercedes Martinez
16%
Bad Dude Tito
11%
Mikey Nicholls
11%
Satoshi Kojima
11%
Shane Haste
11%
No matching quizzes found
Score Distribution
Percent of People with Each Score
Percentile by Number Answered
Your Score History
You have not taken this quiz